O finansirovanii social'noj sfery.

Priority ruskej sociálnej politiky v podmienkach nevybilancovanosti ekonomiky. Zabezpečenie štátnych sociálnych garancií zo štátneho rozpočtu. Štátny rozpočet na rok 1993 a základné princípy sociálnej politiky. Výdavky na školstvo. Finančné zabezpečenie politických rehabilitácií. Zákon o nemocenskom...

Ausführliche Beschreibung

Gespeichert in:
Bibliographische Detailangaben
1. Verfasser: Ovčinnikova, T.S
Format: Buchkapitel
Sprache:Russisch
Schlagworte:
Tags: Tag hinzufügen
Keine Tags, Fügen Sie das erste Tag hinzu!

MARC

LEADER 00000naa a2200000 4500
001 r011285
005 20221208122608.3
041 0 |a rus 
044 |a [SU] 
245 1 0 |a O finansirovanii social'noj sfery.  |c T.S. Ovčinnikova 
520 |a Priority ruskej sociálnej politiky v podmienkach nevybilancovanosti ekonomiky. Zabezpečenie štátnych sociálnych garancií zo štátneho rozpočtu. Štátny rozpočet na rok 1993 a základné princípy sociálnej politiky. Výdavky na školstvo. Finančné zabezpečenie politických rehabilitácií. Zákon o nemocenskom poistení občanov Ruska. 
610 2 0 |a politika sociálna 
610 2 0 |a rozpočet štátny 
610 2 0 |a Rusko 
610 2 0 |a 1993 
610 2 0 |a poistenie nemocenské 
610 2 0 |a výdavky rozpočtu štátneho 
100 1 |a Ovčinnikova, T.S.